Every Joywave Song - Statistics

General Stats
  • This quiz has been taken 8 times
  • The average score is 38 of 130
Answer Stats
Album / EP / Single Year Song % Correct
1.0 2013 Dangerous
71%
Live 2022 Dangerous
71%
How Do You Feel Now? 2015 Destruction
71%
Live 2022 Destruction
71%
Content 2017 It's A Trip!
71%
Live 2022 It's A Trip!
71%
How Do You Feel Now? 2015 Tongues
71%
Live 2022 Tongues
71%
Cleanse 2022 After Coffee
57%
Live 2022 After Coffee
57%
Cleanse 2022 Buy American
57%
Live 2022 Buy American
57%
Content 2017 Content
57%
Possession 2020 Possession
57%
Permanent Pleasure 2024 Scared
57%
How Do You Feel Now? 2015 Somebody New
57%
Live 2022 Somebody New
57%
77777 2011 Traveling at the Speed of Light
57%
How Do You Feel Now? 2015 Traveling at the Speed of Light
57%
Live 2022 Traveling At The Speed Of Light
57%
30% Off (Now With 20% more!) 2020 30% Off!
43%
Permanent Pleasure 2024 787 Dreamliner
43%
How Do You Feel Now? 2015 Bad Dreams
43%
Permanent Pleasure 2024 Brain Damage
43%
Possession 2020 Coming Apart
43%
Live 2022 Coming Apart
43%
Content 2017 Doubt
43%
Possession 2020 F.E.A.R.
43%
Live 2022 F.E.A.R.
43%
The Mall 2023 Flatline
43%
Cleanse 2022 Goodbye Tommy
43%
Live 2022 Goodbye Tommy
43%
Possession 2020 Half Your Age
43%
Live 2022 Half Your Age
43%
SWISH 2016 Life in a Bubble I Blew
43%
How Do You Feel Now? 2015 Nice House
43%
Possession 2020 Obsession
43%
Live 2022 Obsession
43%
How Do You Feel Now? 2015 Parade
43%
Koda Vista 2012 Smokestacks
43%
30% Off (Now With 20% more!) 2020 Ugly Ending
43%
Live 2022 Ugly Ending
43%
Koda Vista 2012 Anemone
29%
Possession 2020 Blastofff
29%
1.0 2013 Bombs Over Brooklyn
29%
How Do You Feel Now? 2015 Carry Me
29%
The Mall 2023 Closing Announcements
29%
Single 2018 Compromise
29%
Cleanse 2022 Cyn City 2000
29%
Live 2022 Cyn City 2000
29%
The Mall 2023 Everything's The Best!
29%
How Do You Feel Now? 2015 Feels Like a Lie
29%
Possession 2020 Funny Thing About Opinions
29%
30% Off (Now With 20% more!) 2020 Get Strong
29%
Koda Vista 2012 Golden State
29%
Permanent Pleasure 2024 Graffiti Planet
29%
Permanent Pleasure 2024 He's Back!
29%
How Do You Feel Now? 2015 In Clover
29%
Content 2017 Let's Talk About Feelings
29%
Possession 2020 Like a Kennedy
29%
Content 2017 Little Lies You're Told
29%
Possession 2020 Mr. Eastman
29%
Possession 2020 No Shoulder
29%
How Do You Feel Now? 2015 Now
29%
Cleanse 2022 Pray For The Reboot
29%
30% Off (Now With 20% more!) 2020 Pressure Cookin'
29%
The Mall 2023 Replay
29%
Content 2017 Rumors
29%
Content 2017 Shutdown
29%
The Mall 2023 Skin
29%
Permanent Pleasure 2024 Sleepytime Fantasy
29%
Permanent Pleasure 2024 Splendor
29%
The Mall 2023 Sunshine & Milkshakes
29%
Permanent Pleasure 2024 Swimming In The Glow
29%
Content 2017 Thanks. Thanks for Coming
29%
The Mall 2023 The Adirondacks
29%
The Mall 2023 The Carousel
29%
Cleanse 2022 The Inversion
29%
Live 2022 The Inversion
29%
The Mall 2023 Throw Your Coins, Make A Wish
29%
Koda Vista 2012 True Grit
29%
Live 2022 True Grit
29%
The Mall 2023 Welcome To The Mall
29%
Cleanse 2022 Why Would You Want To Be Young Again?
29%
88888 2013 All I Want
14%
Koda Vista 2012 A.M.
14%
30% Off (Now With 20% more!) 2020 Better Moments
14%
1.0 2013 Big Dater
14%
Possession 2020 Blank Slate
14%
Content 2017 Confidence
14%
Live 2022 Double Destruction
14%
HOLLOW WORLD 2023 Drive
14%
Cleanse 2022 Every Window Is a Mirror
14%
Live 2022 Every Window Is A Mirror
14%
Content 2017 Going to a Place
14%
Permanent Pleasure 2024 Hate To Be A Bother
14%
Cleanse 2022 Have You Ever Set a Year On Fire?
14%
Permanent Pleasure 2024 Here To Perform The Final Song From Their Album 'Permanent Pleasure,' Please Welcome... Joywave
14%
Live 2022 Intro
14%
EGO 2017 No One Has To Know
14%
77777 2011 PM
14%
Single 2011 Ridge
14%
77777 2011 Space Walk
14%
1.0 2013 The Stroke of Return
14%
Cleanse 2022 We Are All We Need
14%
Live 2022 We Are All We Need
14%
Content 2017 When You're Bored
14%
Koda Vista 2012 Who Do You Like?
14%
Possession 2020 Who Owns Who?
14%
77777 2011 Winnipeg
14%
77777 2011 Betelgeuse
0%
Koda Vista 2012 Bridge
0%
88888 2013 Cold Open
0%
88888 2013 Dying Well
0%
Sounds from the Galactic Skylanes 2023 Ebon Flow
0%
88888 2013 Facility
0%
77777 2011 Feet Become Hammers
0%
77777 2011 Hang With Me
0%
88888 2013 London
0%
Sounds from the Galactic Skylanes 2023 Meet Me at the Sabaac Table
0%
88888 2013 Motherless Child
0%
88888 2013 Numbers Station
0%
88888 2013 Ray Lewis
0%
77777 2011 Rearranged
0%
77777 2011 The Launch
0%
88888 2013 Theme from 88888
0%
77777 2011 Titan
0%
77777 2011 Virus.exe
0%
88888 2013 Waterbed
0%
Sounds from the Galactic Skylanes 2023 Who Mourns for Taris?
0%
No matching quizzes found
Score Distribution
Percent of People with Each Score
Percentile by Number Answered
Your Score History
You have not taken this quiz